| 000 | 00000nas 2200000za 4500 |
| 001 | 9.512456 |
| 003 | CaOODSP |
| 005 | 20231204165137 |
| 007 | ta |
| 008 | 150406c20149999qucar p #||||f| |0eng|d |
| 022 | # |a2369-3312 |
| 040 | |aCaOODSP|beng |
| 041 | |aeng|afre |
| 043 | |an-cn--- |
| 086 | 1 |aNM20-2 |
| 110 | 2 |aCanadian Museum of History. |
| 222 | 0|aAnnual report ...|b(Canadian Museum of History. Print) |
| 245 | 10|aAnnual report ... |
| 246 | 13|aAnnual report ... (Canadian War Museum) |
| 246 | 15|aRapport annuel ... (Musée canadien de l'histoire) |
| 260 | |aGatineau, QC: |bCanadian Museum of History, |c2014- |
| 310 | |aAnnual |
| 362 | 0 |a2013/2014 - |
| 520 | 3 |aDetails the activities for the fiscal year. Includes financial statements. |
| 546 | |aText in English and in French. |
| 710 | 2 |aCanadian War Museum. |
| 776 | 0#|tRapport annuel … |w(CaOODSP)9.504328 |
| 792 | |tRapport annuel ...|efre|w(CaOODSP)9.512457 |